000 00584nam a2200229Ia 4500
003 OSt
005 20240827111557.0
006 a|||||r|||| 00| 0
007 ta
008 221004b |||||||| |||| 00| 0 mal d
024 _a54879
037 _cTextual
040 _aCRL
_cCRL
_bmal
041 _2mal
_amal
082 _aO32,1N301x, L5
100 _aParameswaran Evoor
_9634949
245 0 _aModer muktakangal
260 _c1975
650 _aMALAYALAM LITERATURE
_938866
942 _hO32,1N301x, L5
_cTEXL
999 _c1049938
_d1049938